000 01225nam a2200217Ia 4500
003 Ost
005 20260507075646.0
008 260507s9999||||xx |||||||||||||| ||und||
040 _cfsecg
041 _aara
082 _a336.39
100 _aحجازي، المرسى السيد
_eمؤلف
245 0 _aمبادئ الإقتصاد العام :
_bالنفقات والقروض العامة /
_c المرسى السيد حجازي
260 _aالإسكندرية:
_bالدار الجامعية,
_c2000
300 _a295 صفحة؛
_bإيضاحات ؛
_c24 سم
520 _aالإنفاق العام- أهمية الإنفاق العام تطور الفكري الإقتصادي- مفهوم النفقة العامة- تقسيم العامة نفقات العامة- معايير توزيع الإنفاق العام- تقسيم نفقات العامة- معايير توزيع الإنفاق العام- الآثار الإقتصادية للنفقات العامة- القروض العامة- الآثار الإقتصادية للقروض العامة- القروض العامة.
653 _aالإقتصاد العام
653 _aالقروض العامة
653 _aالنفقات
942 _cكتاب
999 _c45492
_d45492